[Event "FISU World University"]
[Site "Tornelo INT"]
[Date "2020.10.28"]
[Round "9.37"]
[White "Porras Chavarria, Steve"]
[Black "Mendez Gonzalez, Jose Armando"]
[Result "1-0"]
[WhiteElo "1825"]
[BlackElo "1588"]
[PlyCount "139"]
[EventDate "2020.10.26"]
[EventType "team-swiss (rapid)"]
[EventRounds "9"]
[EventCountry "NET"]
[SourceTitle "CBM 199 Extra"]
[Source "ChessBase"]
[SourceDate "2021.01.31"]
[SourceVersion "1"]
[SourceVersionDate "2021.01.31"]
[SourceQuality "1"]
[WhiteTeam "Costa Rica II"]
[BlackTeam "Costa Rica III"]
[WhiteTeamCountry "CRI"]
[BlackTeamCountry "CRI"]

1. e4 d6 2. d4 Nf6 3. Bd3 g6 4. Nf3 Bg7 5. 0-0 0-0 6. c3 Nbd7 7. Bf4 c5 8. Re1 Qb6 9. Qc1 Re8 10. Nbd2 cxd4 11. cxd4 e5 12. Nc4 Qc7 13. dxe5 dxe5 14. Bg3 Nh5 15. Ne3 Qxc1 16. Raxc1 Nxg3 17. hxg3 Nf6 18. Rc7 Be6 19. b3 b6 20. Rec1 Nd7 21. Ng5 Nc5 22. Nxe6 Rxe6 23. Bc4 Rd6 24. Bd5 Rad8 25. Rxa7 R6d7 26. Rxd7 Rxd7 27. b4 Nd3 28. Rc8+ Bf8 29. Ng4 Ra7 30. b5 Kg7 31. Bc4 Nb2 32. Bb3 f6 33. Ne3 Nd3 34. Kf1 Bc5 35. Ng4 h5 36. Rg8+ Kh7 37. Nxf6+ Kh6 38. f3 Nc1 39. f4 Nxb3 40. Rh8+ Kg7 41. Rh7+ Kxf6 42. Rxa7 exf4 43. axb3 fxg3 44. Ke2 Ke5 45. Kf3 h4 46. Rf7 Ke6 47. Rh7 g5 48. Kg4 Be3 49. Kf3 Bc5 50. Rg7 Kf6 51. Rg8 Bb4 52. Re8 Bc3 53. Rd8 Be5 54. Kg4 Bf4 55. Rd5 Ke6 56. Rf5 Be3 57. Kf3 Bd2 58. Rd5 Bf4 59. Rd8 Be5 60. Rg8 Kf6 61. Kg4 Bf4 62. Rf8+ Ke5 63. Re8+ Kf6 64. Rc8 Ke5 65. Kf3 Bd2 66. Rc6 Ba5 67. b4 Bxb4 68. Rxb6 Bc3 69. Rc6 Bd4 70. b6 1-0

[Event "FISU World University"]
[Site "Tornelo INT"]
[Date "2020.10.26"]
[Round "1.37"]
[White "Benedetti, Julio"]
[Black "Mendez Gonzalez, Jose Armando"]
[Result "1-0"]
[WhiteElo "2282"]
[BlackElo "1588"]
[PlyCount "65"]
[EventDate "2020.10.26"]
[EventType "team-swiss (rapid)"]
[EventRounds "9"]
[EventCountry "NET"]
[SourceTitle "CBM 199 Extra"]
[Source "ChessBase"]
[SourceDate "2021.01.31"]
[SourceVersion "1"]
[SourceVersionDate "2021.01.31"]
[SourceQuality "1"]
[WhiteTeam "Argentina III"]
[BlackTeam "Costa Rica III"]
[WhiteTeamCountry "ARG"]
[BlackTeamCountry "CRI"]

1. e4 d6 2. d4 Nf6 3. Nc3 g6 4. Bc4 Bg7 5. Qe2 0-0 6. e5 Ne8 7. Bg5 c5 8. exd6 Qxd6 9. Bxe7 Qxd4 10. Bxf8 Kxf8 11. Rd1 Qf6 12. Nd5 Qe6 13. c3 Nc6 14. Nf3 Qf5 15. 0-0 Be6 16. Ne3 Bxc4 17. Qxc4 Qf6 18. Qxc5+ Kg8 19. Rd7 Bf8 20. Qd5 Rb8 21. Rd1 Ne7 22. Qe4 Nc6 23. Ng4 Qg7 24. Ng5 Nf6 25. Nxf6+ Qxf6 26. Nxf7 Bc5 27. Nh6+ Kh8 28. Ng4 Qh4 29. b4 Bb6 30. g3 Qg5 31. h4 Qb5 32. Nf6 Rf8 33. Rxh7# 1-0